| 000 -LEADER |
| fixed length control field |
00766nam a22001577a 4500 |
| 003 - CONTROL NUMBER IDENTIFIER |
| control field |
OSt |
| 005 - DATE AND TIME OF LATEST TRANSACTION |
| control field |
20150928165126.0 |
| 008 - FIXED-LENGTH DATA ELEMENTS--GENERAL INFORMATION |
| fixed length control field |
150928b xxu||||| |||| 00| 0 eng d |
| 040 ## - CATALOGING SOURCE |
| Transcribing agency |
RUA |
| 082 ## - DEWEY DECIMAL CLASSIFICATION NUMBER |
| Classification number |
ATM.Sp YOU 2003 B059 Or.1 |
| 100 ## - MAIN ENTRY--PERSONAL NAME |
| 9 (RLIN) |
1509 |
| Personal name |
YOU, THACH. |
| 245 ## - TITLE STATEMENT |
| Title |
Effect of using different fertilizers on brassica campestris ssp in wet season 2002 at kien svay district, ពិសោធន៍ប្រសិទ្ធភាពនៃការប្រើប្រាស់ប្រភេទជីផ្សេងៗគ្នាលើដំណាំស្ពៃចង្កឹះ រដូវវស្សា២០០២ នៅស្រុកគៀនស្វាយ |
| 260 ## - PUBLICATION, DISTRIBUTION, ETC. (IMPRINT) |
| Place of publication, distribution, etc. |
Phnom Penh |
| Name of publisher, distributor, etc. |
RUA |
| Date of publication, distribution, etc. |
2003 |
| 300 ## - PHYSICAL DESCRIPTION |
| Extent |
51p. |
| Other physical details |
ill. |
| Dimensions |
29cm. |
| 942 ## - ADDED ENTRY ELEMENTS (KOHA) |
| Source of classification or shelving scheme |
|
| Koha item type |
ATM.s |